[Event "BdF-Smaragd 10 email"]
[Site "GER email"]
[Date "2019.06.19"]
[Round "?"]
[White "Baron, Margaret"]
[Black "Ferreira, Luis"]
[Result "0-1"]
[WhiteElo "1831"]
[BlackElo "1939"]
[PlyCount "50"]
[EventDate "2019.??.??"]
[EventType "tourn (corr)"]
[EventRounds "16"]
[EventCountry "GER"]
[SourceTitle "Corr 2022"]
[Source "ChessBase"]
[SourceDate "2021.10.24"]
[SourceVersion "1"]
[SourceVersionDate "2021.10.24"]
[SourceQuality "1"]

1. d4 Nf6 2. c4 g6 3. Nc3 Bg7 4. Nf3 d5 5. Qb3 dxc4 6. Qxc4 0-0 7. Bf4 c6 8. e4 Bg4 9. Be2 Nbd7 10. 0-0 Ne8 11. Rac1 Bxf3 12. Bxf3 e5 13. Bxe5 Nxe5 14. dxe5 Qe7 15. g3 Qxe5 16. Bg2 Nd6 17. Rcd1 Nxc4 18. b3 Nb2 19. Rd2 Qxc3 20. Re2 Rad8 21. Re3 Rd3 22. Re2 Rfd8 23. Rb1 Rd1+ 24. Re1 Qxe1+ 25. Bf1 Qxf1# 0-1